000
003050000a22001450004500
003
MACL
040
_a
MACL
090
_c
33938
_d
33936
100
_a
Dooley, Brian J.
245
_a
Window In A DAy
260
_b
BPB Publications
350
_a
45
650
_a
Computer probraming
942
_c
BOOK
_k
005/Doo
999
_c
33582
_d
33582